ロード中...

Psychology research biographical sketches and research summaries /

書誌詳細
その他の著者: Wodarth, Nancy E., Ferguson, Alexis P.
フォーマット: Printed Book
言語:English
出版事項: Hauppauge, N.Y. : Nova Science Publishers, c2012.
主題:
LEADER 01051cam a2200241 a 4500
008 110609s2012 nyu a 000 0deng
010 |a  2011024321 
020 |a 9781614704911 (hbk.) 
020 |z 9781614705123 
042 |a pcc 
082 0 0 |a 150.922  |a B  |2 23 
245 0 0 |a Psychology research biographical sketches and research summaries /  |c edited by Nancy E. Wodarth and Alexis P. Ferguson. 
260 |a Hauppauge, N.Y. :  |b Nova Science Publishers,  |c c2012. 
300 |a xliii, 1014 p. :  |c 27 cm. 
650 0 |a Psychology  |x Research  |v Abstracts. 
650 0 |a Psychology  |x Research  |v Bio-bibliography. 
700 1 |a Wodarth, Nancy E. 
700 1 |a Ferguson, Alexis P. 
906 |a 7  |b cbc  |c orignew  |d 1  |e ecip  |f 20  |g y-gencatlg 
942 |c REF 
955 |b xj15 2011-06-09  |i xj15 2011-06-09 (telework)  |a xj15 2011-06-09 to Dewey  |a xn03 2012-07-18 1 copy rec'd., to CIP ver. 
999 |c 353071  |d 353071 
952 |0 0  |1 0  |2 ddc  |4 0  |6 150_922000000000000_PSY  |7 0  |8 REF  |9 408136  |a EDU  |b EDU  |c REF  |d 2019-10-16  |e by purchase  |i 7465  |l 0  |o 150.922 PSY  |p EDU7465  |r 2020-09-28  |y REF  |k $ 325.00